[Event "EU-ch U14 23rd"]
[Site "Budva"]
[Date "2013.09.29"]
[Round "1"]
[White "Lecomte, Robin"]
[Black "Lukic, Lazar"]
[Result "1-0"]
[WhiteElo "2038"]
[BlackElo "1738"]
[PlyCount "143"]
[EventDate "2013.09.29"]
[EventType "swiss"]
[EventRounds "9"]
[EventCountry "MNE"]
[SourceTitle "EXT 2014"]
[Source "ChessBase"]
[SourceDate "2013.11.20"]
[SourceVersion "1"]
[SourceVersionDate "2013.11.20"]
[SourceQuality "1"]

1. e4 e5 2. Nf3 Nc6 3. Bc4 Bc5 4. c3 Nf6 5. d4 exd4 6. cxd4 Bb4+ 7. Bd2 Bxd2+ 8. Nbxd2 d6 9. 0-0 0-0 10. Qc2 h6 11. Rfe1 Re8 12. Rad1 Re7 13. e5 Nh7 14. exd6 cxd6 15. Rxe7 Nxe7 16. Re1 d5 17. Bb5 Bd7 18. Bxd7 Qxd7 19. Ne5 Qf5 20. Qc7 Ng6 21. Qxb7 Rf8 22. Qxd5 Nf6 23. Qf3 Qg5 24. Nxg6 fxg6 25. Qb3+ Kh7 26. Nf3 Qa5 27. Re5 Qc7 28. Re1 Ng4 29. h3 Nf6 30. Qa3 Rb8 31. b3 Rc8 32. Qe7 Qa5 33. Qf7 Rc7 34. Qe6 Qxa2 35. Qd6 Rd7 36. Qg3 Qc2 37. Re3 Rb7 38. Ne5 g5 39. Qf3 Rc7 40. Rd3 Qc1+ 41. Rd1 Qc2 42. d5 Rc3 43. Rd3 Rxd3 44. Qf5+ Kh8 45. Nxd3 Qxb3 46. d6 Qb8 47. Ne5 a5 48. d7 Nxd7 49. Nxd7 Qc7 50. g3 Qc1+ 51. Kh2 a4 52. Qf8+ Kh7 53. Qf7 Qb2 54. Nf8+ Kh8 55. Ng6+ Kh7 56. Ne7 Qb8 57. Qf5+ Kh8 58. Ng6+ Kh7 59. Ne5+ Kg8 60. Nd7 Qd8 61. Qe6+ Kh7 62. Qe4+ Kg8 63. Qxa4 Qe7 64. Qc4+ Kh7 65. Qd3+ Kg8 66. Qf5 Qd8 67. Ne5 Qd4 68. Qf7+ Kh7 69. Ng6 g4 70. Ne7 Qd8 71. Nf5 Qh8 72. h4 1-0